00374nam a2200145Ia 450000500170000000800410001702000180005808200220007610000170009824500300011526000350014530000130018044000090019365000260020220240703112214.0240126s9999 xx 000 0 und d a9788172246297 a615.535 BAK;1 R aBakhru, H K. 0aNaturopathy for longevity bJaico PublishingaMumbaic2013 axxi, 368 aNULL aNaturopathy,longevity